000 02189cam a22002535a 4500
999 _c27312
_d27283
005 20190404114712.0
008 151210s2018 ii a frb 001 0 eng d
020 _a9788120351110
040 _aUk
_beng
_cUk
_dEG-ScBUE
_dEG-ScBUE
082 0 4 _a621.381542
_bSOL
_222
100 1 _aSolanki, Chetan Singh.
245 1 0 _aSolar photovoltaics :
_bfundamentals, technologies and applications /
_cChetan Singh Solanki.
250 _a9th printing, 3rd ed., Eastern economy ed.
260 _aDelhi :
_bPHI learning private limited,
_c2018.
300 _axxxiii, 506 p. :
_bill. ;
_c24 cm.
504 _aIncludes bibliographical references and index.
520 _aThis thoroughly revised text, now in its third edition, continues to provide a detailed discussion on all the aspects of solar photovoltaic (PV) technologies from physics of solar cells to manufacturing technologies, solar PV system design and their applications. The Third Edition includes a new chapter on Advances in C-Si Cell Processes Suitable for Near Future Commercialization (Chapter 8) to introduce the technological advancement in the commercial production to keep the readers up to date. Organized in three parts, Part I introduces the fundamental principles of solar cell operation and design, Part II explains various technologies to fabricate solar cells and PV modules and Part III focuses on the use of solar photovoltaic as part of the system for providing electrical energy. In addition to this, numerous chapter-end exercises are given to reinforce the understanding of the subject. The text is intended for the undergraduate and postgraduate students of engineering for their courses on solar photovoltaic technologies and renewable energy technologies. The book is of immense use for teachers, researchers and professionals working in the photovoltaic field. In a nutshell, this book is an absolute must-read for all those who want to understand and apply the basics behind photovoltaic devices and systems.
650 7 _aSolar energy.
_2BUEsh
650 7 _aPhotovoltaic cells.
_2BUEsh
650 7 _aPhotovoltaic power systems.
_2BUEsh
651 _2BUEsh
653 _bEENERGYY
_cMarch2019
942 _2ddc